<?xml version="1.0" encoding="UTF-8"?>
<record
    xmlns:xsi="http://www.w3.org/2001/XMLSchema-instance"
    xsi:schemaLocation="http://www.loc.gov/MARC21/slim http://www.loc.gov/standards/marcxml/schema/MARC21slim.xsd"
    xmlns="http://www.loc.gov/MARC21/slim">

  <leader>03087nam0a2200409   4500</leader>
  <controlfield tag="001">RU\NLR\BIBL_A\022730126</controlfield>
  <controlfield tag="005">20260426080629.0</controlfield>
  <datafield tag="010" ind1=" " ind2=" ">
    <subfield code="a">978-5-7679-5669-2</subfield>
    <subfield code="9">100</subfield>
  </datafield>
  <datafield tag="021" ind1=" " ind2=" ">
    <subfield code="a">RU</subfield>
    <subfield code="b">&#x41A;&#x41D;-&#x41F;-25-079934</subfield>
    <subfield code="9">&#x41A;&#x41D;-&#x41F;-25-7750</subfield>
  </datafield>
  <datafield tag="035" ind1=" " ind2=" ">
    <subfield code="a">(NLR Aleph) 022730126</subfield>
  </datafield>
  <datafield tag="090" ind1=" " ind2=" ">
    <subfield code="a">13696706</subfield>
    <subfield code="c">13696706</subfield>
  </datafield>
  <datafield tag="100" ind1=" " ind2=" ">
    <subfield code="a">20260217d2025    k  y0rusy50      ca</subfield>
  </datafield>
  <datafield tag="101" ind1="0" ind2=" ">
    <subfield code="a">rus</subfield>
    <subfield code="d">eng</subfield>
  </datafield>
  <datafield tag="102" ind1=" " ind2=" ">
    <subfield code="a">RU</subfield>
  </datafield>
  <datafield tag="105" ind1=" " ind2=" ">
    <subfield code="a">ac  z   000yy</subfield>
  </datafield>
  <datafield tag="181" ind1=" " ind2="0">
    <subfield code="a">i3</subfield>
    <subfield code="b">axxe  </subfield>
  </datafield>
  <datafield tag="182" ind1=" " ind2="0">
    <subfield code="a">n</subfield>
  </datafield>
  <datafield tag="200" ind1="1" ind2=" ">
    <subfield code="a">&#x414;&#x438;&#x437;&#x430;&#x439;&#x43D; XXI &#x432;&#x435;&#x43A;&#x430;</subfield>
    <subfield code="e">IX &#x412;&#x441;&#x435;&#x440;&#x43E;&#x441;&#x441;&#x438;&#x439;&#x441;&#x43A;&#x430;&#x44F; &#x437;&#x430;&#x43E;&#x447;&#x43D;&#x430;&#x44F; &#x43D;&#x430;&#x443;&#x447;&#x43D;&#x43E;-&#x43F;&#x440;&#x430;&#x43A;&#x442;&#x438;&#x447;&#x435;&#x441;&#x43A;&#x430;&#x44F; &#x438;&#x43D;&#x442;&#x435;&#x440;&#x43D;&#x435;&#x442;-&#x43A;&#x43E;&#x43D;&#x444;&#x435;&#x440;&#x435;&#x43D;&#x446;&#x438;&#x44F; &#x441; &#x43C;&#x435;&#x436;&#x434;&#x443;&#x43D;&#x430;&#x440;&#x43E;&#x434;&#x43D;&#x44B;&#x43C; &#x443;&#x447;&#x430;&#x441;&#x442;&#x438;&#x435;&#x43C;, 14-20 &#x430;&#x43F;&#x440;&#x435;&#x43B;&#x44F; 2025 &#x433;.</subfield>
    <subfield code="f">&#x41C;&#x438;&#x43D;&#x438;&#x441;&#x442;&#x435;&#x440;&#x441;&#x442;&#x432;&#x43E; &#x43D;&#x430;&#x443;&#x43A;&#x438; &#x438; &#x432;&#x44B;&#x441;&#x448;&#x435;&#x433;&#x43E; &#x43E;&#x431;&#x440;&#x430;&#x437;&#x43E;&#x432;&#x430;&#x43D;&#x438;&#x44F; &#x420;&#x43E;&#x441;&#x441;&#x438;&#x439;&#x441;&#x43A;&#x43E;&#x439; &#x424;&#x435;&#x434;&#x435;&#x440;&#x430;&#x446;&#x438;&#x438;, &#x424;&#x435;&#x434;&#x435;&#x440;&#x430;&#x43B;&#x44C;&#x43D;&#x43E;&#x435; &#x433;&#x43E;&#x441;&#x443;&#x434;&#x430;&#x440;&#x441;&#x442;&#x432;&#x435;&#x43D;&#x43D;&#x43E;&#x435; &#x431;&#x44E;&#x434;&#x436;&#x435;&#x442;&#x43D;&#x43E;&#x435; &#x43E;&#x431;&#x440;&#x430;&#x437;&#x43E;&#x432;&#x430;&#x442;&#x435;&#x43B;&#x44C;&#x43D;&#x43E;&#x435; &#x443;&#x447;&#x440;&#x435;&#x436;&#x434;&#x435;&#x43D;&#x438;&#x435; &#x432;&#x44B;&#x441;&#x448;&#x435;&#x433;&#x43E; &#x43E;&#x431;&#x440;&#x430;&#x437;&#x43E;&#x432;&#x430;&#x43D;&#x438;&#x44F; "&#x422;&#x443;&#x43B;&#x44C;&#x441;&#x43A;&#x438;&#x439; &#x433;&#x43E;&#x441;&#x443;&#x434;&#x430;&#x440;&#x441;&#x442;&#x432;&#x435;&#x43D;&#x43D;&#x44B;&#x439; &#x443;&#x43D;&#x438;&#x432;&#x435;&#x440;&#x441;&#x438;&#x442;&#x435;&#x442;", &#x418;&#x43D;&#x441;&#x442;&#x438;&#x442;&#x443;&#x442; &#x433;&#x43E;&#x440;&#x43D;&#x43E;&#x433;&#x43E; &#x434;&#x435;&#x43B;&#x430; &#x438; &#x441;&#x442;&#x440;&#x43E;&#x438;&#x442;&#x435;&#x43B;&#x44C;&#x441;&#x442;&#x432;&#x430;, &#x41A;&#x430;&#x444;&#x435;&#x434;&#x440;&#x430; "&#x413;&#x43E;&#x440;&#x43E;&#x434;&#x441;&#x43A;&#x43E;&#x435; &#x441;&#x442;&#x440;&#x43E;&#x438;&#x442;&#x435;&#x43B;&#x44C;&#x441;&#x442;&#x432;&#x43E;, &#x430;&#x440;&#x445;&#x438;&#x442;&#x435;&#x43A;&#x442;&#x443;&#x440;&#x430; &#x438; &#x434;&#x438;&#x437;&#x430;&#x439;&#x43D;"</subfield>
    <subfield code="g">&#x440;&#x435;&#x434;&#x430;&#x43A;&#x446;&#x438;&#x43E;&#x43D;&#x43D;&#x44B;&#x439; &#x441;&#x43E;&#x432;&#x435;&#x442;: &#x434;-&#x440; &#x442;&#x435;&#x445;&#x43D;. &#x43D;&#x430;&#x443;&#x43A;, &#x434;&#x43E;&#x446;. &#x41A;. &#x410;. &#x413;&#x43E;&#x43B;&#x43E;&#x432;&#x438;&#x43D; [&#x438; &#x434;&#x440;.]</subfield>
  </datafield>
  <datafield tag="203" ind1=" " ind2=" ">
    <subfield code="a">&#x422;&#x435;&#x43A;&#x441;&#x442;</subfield>
    <subfield code="b">&#x432;&#x438;&#x437;&#x443;&#x430;&#x43B;&#x44C;&#x43D;&#x44B;&#x439;</subfield>
    <subfield code="c">&#x43D;&#x435;&#x43F;&#x43E;&#x441;&#x440;&#x435;&#x434;&#x441;&#x442;&#x432;&#x435;&#x43D;&#x43D;&#x44B;&#x439;</subfield>
  </datafield>
  <datafield tag="210" ind1=" " ind2=" ">
    <subfield code="a">&#x422;&#x443;&#x43B;&#x430;</subfield>
    <subfield code="c">&#x418;&#x437;&#x434;-&#x432;&#x43E; &#x422;&#x443;&#x43B;&#x413;&#x423;</subfield>
    <subfield code="d">2025</subfield>
  </datafield>
  <datafield tag="215" ind1=" " ind2=" ">
    <subfield code="a">279 &#x441;.</subfield>
    <subfield code="c">&#x438;&#x43B;., &#x43F;&#x43E;&#x440;&#x442;&#x440;.</subfield>
    <subfield code="d">20</subfield>
  </datafield>
  <datafield tag="300" ind1=" " ind2=" ">
    <subfield code="a">&#x41D;&#x430; &#x43E;&#x431;&#x43B;. &#x43F;&#x430;&#x440;&#x430;&#x43B;. &#x437;&#x430;&#x433;&#x43B;. &#x43D;&#x430; &#x430;&#x43D;&#x433;&#x43B;. &#x44F;&#x437;.: Design of XXI century: IX Russian national scientific and practical internet-conference with international participation</subfield>
  </datafield>
  <datafield tag="300" ind1=" " ind2=" ">
    <subfield code="a">&#x420;&#x435;&#x437;. &#x43D;&#x430; &#x430;&#x43D;&#x433;&#x43B;. &#x44F;&#x437;.</subfield>
  </datafield>
  <datafield tag="320" ind1=" " ind2=" ">
    <subfield code="a">&#x411;&#x438;&#x431;&#x43B;&#x438;&#x43E;&#x433;&#x440;. &#x432; &#x43A;&#x43E;&#x43D;&#x446;&#x435; &#x441;&#x442;.</subfield>
  </datafield>
  <datafield tag="512" ind1="1" ind2=" ">
    <subfield code="a">Design of XXI century</subfield>
    <subfield code="e">IX Russian national scientific and practical internet-conference with international participation</subfield>
  </datafield>
  <datafield tag="606" ind1="1" ind2=" ">
    <subfield code="a">&#x425;&#x443;&#x434;&#x43E;&#x436;&#x435;&#x441;&#x442;&#x432;&#x435;&#x43D;&#x43D;&#x43E;&#x435; &#x43A;&#x43E;&#x43D;&#x441;&#x442;&#x440;&#x443;&#x438;&#x440;&#x43E;&#x432;&#x430;&#x43D;&#x438;&#x435;</subfield>
    <subfield code="j">&#x421;&#x44A;&#x435;&#x437;&#x434;&#x44B;, &#x441;&#x43E;&#x432;&#x435;&#x449;&#x430;&#x43D;&#x438;&#x44F; &#x438; &#x442;.&#x43F;</subfield>
    <subfield code="z">21 &#x432;.</subfield>
    <subfield code="9">2592461</subfield>
    <subfield code="3">RU\NLR\AUTH\661531962</subfield>
  </datafield>
  <datafield tag="606" ind1="1" ind2=" ">
    <subfield code="a">&#x418;&#x441;&#x43A;&#x443;&#x441;&#x441;&#x442;&#x432;&#x43E;</subfield>
    <subfield code="j">&#x421;&#x44A;&#x435;&#x437;&#x434;&#x44B;, &#x441;&#x43E;&#x432;&#x435;&#x449;&#x430;&#x43D;&#x438;&#x44F; &#x438; &#x442;.&#x43F;</subfield>
    <subfield code="9">934834</subfield>
    <subfield code="3">RU\NLR\AUTH\6626297</subfield>
  </datafield>
  <datafield tag="686" ind1="1" ind2=" ">
    <subfield code="a">&#x429;129.3(0)65&#x44F;431</subfield>
  </datafield>
  <datafield tag="686" ind1="1" ind2=" ">
    <subfield code="a">&#x429;,0&#x44F;431</subfield>
  </datafield>
  <datafield tag="702" ind1=" " ind2="1">
    <subfield code="a">&#x413;&#x43E;&#x43B;&#x43E;&#x432;&#x438;&#x43D;</subfield>
    <subfield code="b">&#x41A;. &#x410;.</subfield>
    <subfield code="g">&#x41A;&#x43E;&#x43D;&#x441;&#x442;&#x430;&#x43D;&#x442;&#x438;&#x43D; &#x410;&#x43B;&#x435;&#x43A;&#x441;&#x430;&#x43D;&#x434;&#x440;&#x43E;&#x432;&#x438;&#x447;</subfield>
    <subfield code="4">340</subfield>
  </datafield>
  <datafield tag="711" ind1="1" ind2="2">
    <subfield code="a">"&#x414;&#x438;&#x437;&#x430;&#x439;&#x43D; XXI &#x432;&#x435;&#x43A;&#x430;", &#x432;&#x441;&#x435;&#x440;&#x43E;&#x441;&#x441;&#x438;&#x439;&#x441;&#x43A;&#x430;&#x44F; &#x437;&#x430;&#x43E;&#x447;&#x43D;&#x430;&#x44F; &#x43D;&#x430;&#x443;&#x447;&#x43D;&#x43E;-&#x43F;&#x440;&#x430;&#x43A;&#x442;&#x438;&#x447;&#x435;&#x441;&#x43A;&#x430;&#x44F; &#x438;&#x43D;&#x442;&#x435;&#x440;&#x43D;&#x435;&#x442;-&#x43A;&#x43E;&#x43D;&#x444;&#x435;&#x440;&#x435;&#x43D;&#x446;&#x438;&#x44F; &#x441; &#x43C;&#x435;&#x436;&#x434;&#x443;&#x43D;&#x430;&#x440;&#x43E;&#x434;&#x43D;&#x44B;&#x43C; &#x443;&#x447;&#x430;&#x441;&#x442;&#x438;&#x435;&#x43C;</subfield>
    <subfield code="d">9</subfield>
    <subfield code="e">&#x422;&#x443;&#x43B;&#x430;</subfield>
    <subfield code="f">2025</subfield>
    <subfield code="9">2698903</subfield>
    <subfield code="3">RU\NLR\AUTH\880639377</subfield>
  </datafield>
  <datafield tag="712" ind1="0" ind2="2">
    <subfield code="4">570</subfield>
    <subfield code="a">&#x422;&#x443;&#x43B;&#x44C;&#x441;&#x43A;&#x438;&#x439; &#x433;&#x43E;&#x441;&#x443;&#x434;&#x430;&#x440;&#x441;&#x442;&#x432;&#x435;&#x43D;&#x43D;&#x44B;&#x439; &#x443;&#x43D;&#x438;&#x432;&#x435;&#x440;&#x441;&#x438;&#x442;&#x435;&#x442;</subfield>
    <subfield code="b">&#x418;&#x43D;&#x441;&#x442;&#x438;&#x442;&#x443;&#x442; &#x433;&#x43E;&#x440;&#x43D;&#x43E;&#x433;&#x43E; &#x434;&#x435;&#x43B;&#x430; &#x438; &#x441;&#x442;&#x440;&#x43E;&#x438;&#x442;&#x435;&#x43B;&#x44C;&#x441;&#x442;&#x432;&#x430;</subfield>
    <subfield code="b">&#x41A;&#x430;&#x444;&#x435;&#x434;&#x440;&#x430; "&#x413;&#x43E;&#x440;&#x43E;&#x434;&#x441;&#x43A;&#x43E;&#x435; &#x441;&#x442;&#x440;&#x43E;&#x438;&#x442;&#x435;&#x43B;&#x44C;&#x441;&#x442;&#x432;&#x43E;, &#x430;&#x440;&#x445;&#x438;&#x442;&#x435;&#x43A;&#x442;&#x443;&#x440;&#x430; &#x438; &#x434;&#x438;&#x437;&#x430;&#x439;&#x43D;"</subfield>
    <subfield code="9">2698905</subfield>
    <subfield code="3">RU\NLR\AUTH\880639379</subfield>
  </datafield>
  <datafield tag="942" ind1=" " ind2=" ">
    <subfield code="c">BOOK</subfield>
  </datafield>
  <datafield tag="980" ind1=" " ind2=" ">
    <subfield code="a">NB</subfield>
  </datafield>
</record>
